000 00524nam a2200193Ia 4500
003 GCL
008 140319s9999 xx 000 0 eng d
040 _aGCL /
_cGCL
082 0 4 _a612.76
_bA B
100 1 _aADRIAN, MARLENE COOPER JOHNM
245 1 0 _aBIOMECHANICS OF HUMAN MOVEMENT /
_cADRIAN, MARLENE COOPER JOHNM
260 _a[S.N] :
_bBROWN AND BENCHMARK ،
_c1995
300 _a572
650 0 4 _aHUMAN MECHANICS
650 0 4 _aBIOMECHANICS
650 0 4 _aMOVEMENTS
650 0 4 _aHUMAN MOVEMENTS
942 _2ddc
_cBK
999 _c11853
_d11853